Google Platforms by Logo - Statistics

General Stats
  • This quiz has been taken 20 times
  • The average score is 12 of 20
Answer Stats
Picture Answer % Correct
Youtube
100%
GMail
94%
Google Maps
94%
Google Translate
94%
Google Play
89%
Google Docs
83%
Google Calendar
78%
Google Drive
78%
Google Classroom
72%
Google Meet
67%
Google Sheets
67%
Google Photos
61%
Google Slides
56%
Google Search
50%
Google Chat
44%
Google Forms
39%
Google Shopping
33%
Google Contacts
22%
Google News
17%
Google Drawings
6%
No matching quizzes found
Score Distribution
Percent of People with Each Score
Percentile by Number Answered
Your Score History
You have not taken this quiz